000
00281nam a2200133Ia 4500
100
_a
Crawford/R.J.
942
_c
BK
654
_a
Plastics Engineerings
245
_a
Plastics engineering
260
_b
Pergamon press
_a
Oxford
300
_a
354
546
_a
ENGLISH
999
_c
19228
_d
19228